Select all pictures which contains… - Statistics

General Stats
  • This quiz has been taken 40 times
  • The average score is 42 of 45
Answer Stats
Question Tile Select % Correct
pictures which you can see the sky Yes
100%
pictures which you can see the sky No
100%
pictures which you can see the sky No
100%
pictures which you can see the sky Yes
100%
pictures which you can see the sky No
100%
pictures which you can see the sky No
100%
pictures which you can see the sky Yes
97%
pictures which you can see the sky No
97%
which has flowers and plants on it No
97%
which has flowers and plants on it Yes
97%
which has flowers and plants on it No
97%
which has flowers and plants on it Yes
97%
which has the water. No
97%
which has the water. Yes
97%
which has the water. No
97%
which has the water. No
97%
which has the water. Yes
97%
which has the water. Yes
97%
which has the water. No
97%
which includes an animal No
97%
which includes an animal No
97%
which includes an animal No
97%
which includes an animal Yes
97%
which includes an animal No
97%
that has the colour green No
97%
that has the colour green No
97%
that has the colour green No
97%
which has flowers and plants on it Yes
94%
which has flowers and plants on it No
94%
which has the water. No
94%
which has the water. No
94%
which includes an animal No
94%
which includes an animal Yes
94%
that has the colour green No
94%
that has the colour green Yes
94%
that has the colour green Yes
94%
that has the colour green Yes
94%
that has the colour green Yes
94%
which has flowers and plants on it Yes
91%
which includes an animal Yes
91%
which includes an animal Yes
88%
which has flowers and plants on it Yes
82%
pictures which you can see the sky No
74%
that has the colour green No
65%
which has flowers and plants on it Yes
24%
No matching quizzes found
Score Distribution
Percent of People with Each Score
Percentile by Number Answered
Your Score History
You have not taken this quiz